| 000 | 00976nam a2200181 4500 | ||
|---|---|---|---|
| 999 |
_c60803 _d60803 |
||
| 005 | 20231024170730.0 | ||
| 008 | 231024s1994 ru ||||| |||| 00| 0 rus d | ||
| 020 | _a5734900214 | ||
| 080 | _a94(=411.16)(093) Ф-55 | ||
| 100 |
_aФилон, Александрийский _920205 |
||
| 245 |
_a Против Флакка. О посольстве к Гаю. О древности еврейского народа. Против Апиона. Жизнь Иосифа Флавия _cФилон Александрийский, Иосиф Флавий. |
||
| 264 |
_aМосква, _bИерусалим, _c1994. |
||
| 300 |
_a178 стр.; _b22 см. |
||
| 653 | _aფლაკუსის წინააღმდეგ გაიუსის საელჩოს შესახებ. | ||
| 653 | _aებრაელი ხალხის სიძველის შესახებ | ||
| 700 |
_aФлавий, Иосиф _eავტორრი _920206 |
||
| 942 |
_2udc _cBK |
||